| 000 | 00888nac a22002777a 4500 | ||
|---|---|---|---|
| 001 | BR0003162 | ||
| 003 | BR-BrBNA | ||
| 005 | 20240105122435.0 | ||
| 008 | 230509b bl.|||m| |||| 00| 0 por d | ||
| 040 |
_aBR-BrBNA _bpor _cBiblioteca Nacional de Agricultura |
||
| 072 | _aF30 | ||
| 090 | _a3400 BR0003162 | ||
| 100 | 1 | _aCalvo, E.S. | |
| 110 | 1 |
_aCentro Nacional de Pesquisa de Soja, Londrina, PR (Brasil) _91793 |
|
| 245 | 1 | _aBiotecnologia e o melhoramento genetico de plantas | |
| 260 | 3 |
_aLondrina, PR (Brasil): _c1998. |
|
| 300 | _a20 p. | ||
| 490 |
_aDocumentos - Centro Nacional de Pesquisa de Soja (Brazil) _vno. 114 _xISSN 0101-5494 |
||
| 500 | _a8 illus.; 3 ref. | ||
| 650 | _aPlanta Transgenica | ||
| 650 | _aSoja | ||
| 650 | _aBiotecnologia | ||
| 650 | _aMelhoramento Genetico Vegetal | ||
| 909 |
_a202312 _bLúcia Elande _c55 _dLúcia Elande |
||
| 942 |
_2AGRIS _n0 _cMS |
||
| 999 |
_c291046 _d291046 |
||